000 00359pab a2200157 454500
008 180718b2008 xxu||||| |||| 00| 0 eng d
100 _aDas, S.C.
245 _aBPO: potential in the insurance sector
260 _c2008
300 _ap.648-55.
362 _aSep
650 _aInsurance
773 _aManagement Accountant
908 _aN
909 _a79918
999 _c79918
_d79918